Nhiên liệu dầu nhờn và chất tải nhiệt

Đã lưu trong:
Bibliografiske detaljer
Format: Bog
Sprog:Undetermined
Udgivet: Hà Nội Giao thông Vận tải 2004
Fag:
Tags: Tilføj Tag
Ingen Tags, Vær først til at tagge denne postø!
Thư viện lưu trữ: Trung tâm Học liệu Trường Đại học Cần Thơ
LEADER 00576nam a2200193Ia 4500
001 CTU_88780
008 210402s9999 xx 000 0 und d
020 |c 21000 
082 |a 665.53 
082 |b Nh305 
245 0 |a Nhiên liệu dầu nhờn và chất tải nhiệt 
245 0 |c Lưu Văn Hy ...[et al.] 
260 |a Hà Nội 
260 |b Giao thông Vận tải 
260 |c 2004 
650 |a Petroleum,Petroleum 
650 |x Industry and trade,Refining 
904 |i Trúc,Hải 
980 |a Trung tâm Học liệu Trường Đại học Cần Thơ